000
00262nam a2200097Ia 4500
001
1164219
005
20250827011717.0
008
250824s9999 xx 000 0 und d
245
0
_a
KENDİ KENDİNİN GARDİYANI OLMA
_c
SANAL KLİNİK
260
_b
DESTEK YAYINLARI
999
_c
1164219
_d
1164219